01399 a2200205 4500003000500000005001700005020001500022040000900037082001200046100002200058245007600080250001300156260004000169300002600209505077500235650002301010942002101033999001901054952012001073NUST20221201144557.0 a0827325312 cNust a537,KUB aKubala, Thomas S. aElectricity 1 :b devices, circuits and materials /cThomas S. Kubala. a4th ed. aAlbany,bDelmar Publishersc [1988] a146 p. illus.b27 cm. aIntroduction (Page- 1), Electron Theory and Ohm's Law (Page- 5), Series Circuits (Page- 11), Parallel Circuits (Page- 17), Series-Parallel Circuits (Page- 23), Electrical Energy and Power (Page-23), Batteries (Page- 33), Electrical Conductors and Wire Sizes (Page- 41), Voltage Drop Across Conductors (Page- 49), Summary Review of Units 1-9 (Page- 55), Magnets and Magnetic Fields (Page-61), Electromagnetism (Page- 65),Generation of Electromotive Force (Page- 71), Direct-Current Motor Principles (Page- 79), Summary Review of Units 11-14 (Page- 85), Typical Bell Circuits (Page- 89), Switch Control of Lighting Circuits (Page- 95), Wiring Materials (Page- 105), Remote Control Systems for Lighting Circuits (Page- 127), Summary Review of Units 16-19 (Page- 135).  aElectricity939895 2ddccBKi537,KUB c183996d183996 00102ddc4070aMCSbMCScGENd2016-12-12o537,KUBpMCS5465r2016-12-08w2016-12-12yBKzAlmirah No.16, Shelf No.4